Biele mesto Belehrad

Srbsko, krajina zničená vojnami, sa od Miloševicovej éry výrazne zmenila. Najlepším príkladom jej dynamiky je hlavné mesto Belehrad. Paradoxy mesta, typické črty mesta.

Gespeichert in:
Bibliographische Detailangaben
1. Verfasser: Grančay, Martin, 1984-2024
Format: Buchkapitel
Sprache:Slowakisch
Schlagworte:
Tags: Tag hinzufügen
Keine Tags, Fügen Sie das erste Tag hinzu!

MARC

LEADER 00000naa$a2200000$$$4500
001 0109062
005 20240502072214.3
041 0 |a slo 
044 |a SK 
245 1 0 |a Biele mesto Belehrad  |c Martin Grančay 
520 |a Srbsko, krajina zničená vojnami, sa od Miloševicovej éry výrazne zmenila. Najlepším príkladom jej dynamiky je hlavné mesto Belehrad. Paradoxy mesta, typické črty mesta. 
610 2 0 |a Srbsko 
610 2 0 |a mestá 
100 1 |a Grančay, Martin, 1984-2024